Generačné rozdiely vo finančných rozhodnutiach bakalárska práca

Gespeichert in:
Bibliographische Detailangaben
1. Verfasser: Holubová, Patrícia
Körperschaft: Národohospodárska fakulta EU. Katedra financií
Weitere Verfasser: Péliová, Jana, 1976-
Format: Buch
Sprache:Slowakisch
Veröffentlicht: Bratislava 2021
Tags: Tag hinzufügen
Keine Tags, Fügen Sie das erste Tag hinzu!

MARC

LEADER 00000nbm a2200000 4500
001 0275158
005 20211210124431.0
041 0 |a slo 
044 |a SK 
245 1 0 |a Generačné rozdiely vo finančných rozhodnutiach  |b bakalárska práca  |c Patrícia Holubová ; školiteľ: Jana Péliová 
264 1 |a Bratislava  |c 2021 
300 |a 45 s. 
100 1 |a Holubová, Patrícia 
700 1 |a Péliová, Jana, 1976- 
710 2 |a Národohospodárska fakulta EU. Katedra financií